000
00266nam a2200109Ia 4500
008
240625s9999 xx 000 0 und d
041
_a
eng
082
_a
658.812 RAW
100
_a
RAWAT SUDHANSHU
245
_a
IT TOOLS FOR ENHANCING CRM DELIVERY SYST
260
_c
2004
999
_c
32983
_d
32983